Cultura general - Estadísticas

Estadísticas generales
  • Esta prueba ha sido intentada 1.377 veces
  • La puntuación promedio es 7 de 10
Estadísticas de respuestas
preguntas respuestas % Correcto
Cual es la formula quimica del agua? H2O
99%
En qué galaxia se encuentra el sistema solar? La Via Lactea
93%
De qué pais proviene el tango? Argentina y Uruguay
90%
Cual es la materia natural mas dura conocida? Diamante
80%
Qué palabra se refiere al primer episodio de una serie de television? Piloto
78%
La mayoria de los humanos tienen 23 pares de ____? Cromosomas
73%
De qué hormona carecen los diabeticos? Insulina
73%
Qué cantante famosa nacio en Barbados? Rihanna
59%
De qué actividad Garry Kasparov fue campeon mundial? Ajedrez
57%
En qué pais se encuentra la ciudad de Timbuktu? Mali
29%
No se encontraron pruebas coincidentes
Distribución de puntuación
Porcentaje de gente con cada puntuación
Porcentaje por número respondido
Historial de tus puntuaciones
No has intentado esta prueba.